| 000 | 00642nam a2200181Ia 4500 | ||
|---|---|---|---|
| 008 | 090630s9999 xx 000 0 und d | ||
| 082 | _b24547 | ||
| 100 | _aमहाले रमेश. | ||
| 245 |
_aजंगलातील पाठशाळा. _cमहाले रमेश. |
||
| 260 | _bविजय बुक सर्व्हिस - जळगाव. | ||
| 300 | _a0 | ||
| 600 | _aमहाले रमेश. | ||
| 630 | _aजंगलातील पाठशाळा. | ||
| 655 | _aइतर. | ||
| 700 | _aमहाले रमेश. | ||
| 730 | _aजंगलातील पाठशाळा. | ||
| 942 | _cBOOK | ||
| 999 |
_c276403 _d276403 |
||